[Event "FRA-ch op-A"]
[Site "Agen"]
[Date "2016.??.??"]
[Round "6"]
[White "Helstroffer, Arnaud"]
[Black "Lagarde, Dimitri"]
[Result "1-0"]
[WhiteElo "2064"]
[BlackElo "2156"]
[PlyCount "53"]
[EventDate "2016.08.12"]
[EventType "swiss"]
[EventRounds "9"]
[EventCountry "FRA"]
[SourceTitle "EXT 2017"]
[Source "ChessBase"]
[SourceDate "2016.10.25"]
[SourceVersion "1"]
[SourceVersionDate "2016.10.25"]
[SourceQuality "1"]

1. e4 c5 2. Nf3 e6 3. d4 cxd4 4. Nxd4 Nf6 5. Nc3 d6 6. g3 a6 7. Bg2 Be7 8. 0-0 0-0 9. Be3 Qc7 10. Nb3 Nc6 11. f4 Bd7 12. g4 Bc8 13. g5 Nd7 14. Rf3 Re8 15. Rh3 b5 16. Qh5 Nf8 17. Rf1 b4 18. Ne2 Bd8 19. Nbd4 Nxd4 20. Nxd4 e5 21. Nf5 d5 22. Nxg7 Kxg7 23. f5 Kg8 24. f6 Bxh3 25. Qh6 Ne6 26. Bxh3 Rf8 27. Bf5 1-0

[Event "Staufer op 20th"]
[Site "Schwaebisch Gmuend"]
[Date "2008.01.06"]
[Round "9"]
[White "Helstroffer, Arnaud"]
[Black "Rau, Hannes"]
[Result "0-1"]
[WhiteElo "2218"]
[BlackElo "2428"]
[PlyCount "60"]
[EventDate "2008.01.02"]
[EventType "swiss"]
[EventRounds "9"]
[EventCountry "GER"]
[SourceTitle "CBM 122 Extra"]
[Source "ChessBase"]
[SourceDate "2008.03.04"]
[SourceVersion "1"]
[SourceVersionDate "2008.03.04"]
[SourceQuality "1"]

1. e4 c5 2. Nf3 Nc6 3. Nc3 d6 4. d4 cxd4 5. Nxd4 Nf6 6. Bg5 e6 7. Qd2 a6 8. 0-0-0 Bd7 9. f3 Be7 10. h4 h6 11. Be3 h5 12. Bg5 Qc7 13. Kb1 Ne5 14. g4 hxg4 15. f4 Nc6 16. Bg2 Nxd4 17. Qxd4 Bc6 18. e5 Bxg2 19. exf6 gxf6 20. Bxf6 Bxh1 21. Rxh1 Bxf6 22. Qxf6 Rg8 23. f5 Qe7 24. Qd4 0-0-0 25. b4 Qc7 26. Rg1 Kb8 27. Kb2 Rc8 28. Rg3 d5 29. Re3 g3 30. b5 g2 0-1

[Event "Staufer op 20th"]
[Site "Schwaebisch Gmuend"]
[Date "2008.01.03"]
[Round "4"]
[White "Pribyl, Josef"]
[Black "Helstroffer, Arnaud"]
[Result "1/2-1/2"]
[WhiteElo "2367"]
[BlackElo "2218"]
[PlyCount "78"]
[EventDate "2008.01.02"]
[EventType "swiss"]
[EventRounds "9"]
[EventCountry "GER"]
[SourceTitle "CBM 122 Extra"]
[Source "ChessBase"]
[SourceDate "2008.03.04"]
[SourceVersion "1"]
[SourceVersionDate "2008.03.04"]
[SourceQuality "1"]

1. d4 Nf6 2. g3 g6 3. Bg2 Bg7 4. e4 d6 5. Nc3 0-0 6. Nge2 Nbd7 7. h3 c5 8. 0-0 Rb8 9. a4 a6 10. a5 b5 11. axb6 Qxb6 12. Na4 Qc7 13. Be3 cxd4 14. Bxd4 Bb7 15. Nec3 e6 16. Qd2 Rfd8 17. Rfd1 Nc5 18. Qe2 e5 19. Nxc5 exd4 20. Nxb7 Rxb7 21. Na4 Nd7 22. Ra2 Rb5 23. Kh2 h5 24. c3 dxc3 25. Nxc3 Bxc3 26. bxc3 Nc5 27. Rxa6 Rb3 28. Qc4 Rxc3 29. Qxc3 Nxa6 30. Qf6 Nc5 31. Rd5 Re8 32. Rxd6 h4 33. Qf4 hxg3+ 34. fxg3 Qe7 35. Rc6 Qe5 36. Rc8 Kg7 37. Rxe8 Qxe8 38. e5 Nd7 39. Bc6 Qxe5 1/2-1/2

[Event "Rewal op-A 12th"]
[Site "Rewal"]
[Date "2007.08.29"]
[Round "9"]
[White "Gola, Karol"]
[Black "Helstroffer, Arnaud"]
[Result "1-0"]
[WhiteElo "2141"]
[BlackElo "2234"]
[PlyCount "131"]
[EventDate "2007.08.20"]
[EventType "swiss"]
[EventRounds "9"]
[EventCountry "POL"]
[SourceTitle "CBM 120 Extra"]
[Source "ChessBase"]
[SourceDate "2007.11.01"]
[SourceVersion "1"]
[SourceVersionDate "2007.11.01"]
[SourceQuality "1"]

1. e4 e6 2. d4 d5 3. exd5 exd5 4. Nf3 Bg4 5. h3 Bh5 6. Qe2+ Qe7 7. Be3 Nc6 8. Nc3 0-0-0 9. g4 Bg6 10. 0-0-0 Nb4 11. Ne1 Qd7 12. a3 Nc6 13. Bg2 Nge7 14. Nd3 Bxd3 15. Qxd3 Na5 16. h4 Kb8 17. Qb5 Qxb5 18. Nxb5 Nc4 19. Bf4 Rd7 20. g5 Nc8 21. Bh3 Re7 22. Bxc8 Kxc8 23. Nxa7+ Kd7 24. Nb5 c6 25. Nc3 Re6 26. Rhe1 Be7 27. Rxe6 fxe6 28. Bg3 h6 29. gxh6 Rxh6 30. Ne2 Rh5 31. Rg1 g5 32. hxg5 Bxg5+ 33. Bf4 Bf6 34. c3 b5 35. Kc2 Rh3 36. Rg3 Rh1 37. Nc1 e5 38. dxe5 Nxe5 39. Bxe5 Bxe5 40. Rg6 Rf1 41. Nd3 Bd6 42. Rf6 Ke7 43. Rf3 Kd7 44. b4 Ra1 45. Kb2 Rd1 46. Re3 Bf8 47. Rh3 Kc7 48. Rf3 Bd6 49. Kc2 Ra1 50. Rf7+ Kb6 51. Rd7 Bf8 52. Rf7 Bd6 53. Rf6 Ra2+ 54. Nb2 Be5 55. Re6 Bg7 56. Kb3 Ra1 57. Nd3 Rb1+ 58. Kc2 Ra1 59. Nc5 Rxa3 60. Re7 Ra7 61. Nd7+ Kc7 62. Ne5+ Kb6 63. Rxa7 Kxa7 64. Nxc6+ Kb6 65. Ne7 Kc7 66. Nxd5+ 1-0

[Event "Rewal op-A 12th"]
[Site "Rewal"]
[Date "2007.08.24"]
[Round "4"]
[White "Helstroffer, Arnaud"]
[Black "Olszewski, Michal"]
[Result "0-1"]
[WhiteElo "2234"]
[BlackElo "2409"]
[PlyCount "50"]
[EventDate "2007.08.20"]
[EventType "swiss"]
[EventRounds "9"]
[EventCountry "POL"]
[SourceTitle "CBM 120 Extra"]
[Source "ChessBase"]
[SourceDate "2007.11.01"]
[SourceVersion "1"]
[SourceVersionDate "2007.11.01"]
[SourceQuality "1"]

1. e4 e5 2. f4 exf4 3. Bc4 d5 4. Bxd5 Nf6 5. Nc3 Nxd5 6. Nxd5 Bd6 7. d4 Qh4+ 8. Kf1 c6 9. Nf3 Qh6 10. Nc3 f6 11. e5 fxe5 12. dxe5 Be7 13. Qd4 0-0 14. Bd2 Bg4 15. h3 Na6 16. Rh2 Be6 17. g4 Rad8 18. Qe4 b5 19. Kg1 b4 20. Na4 Bd5 21. Qe2 c5 22. c4 Bc6 23. b3 Rxd2 24. Nxd2 f3 25. Qe1 Bh4 0-1

[Event "Rewal op-A 12th"]
[Site "Rewal"]
[Date "2007.08.23"]
[Round "3"]
[White "Demidowicz, Maria"]
[Black "Helstroffer, Arnaud"]
[Result "0-1"]
[WhiteElo "1979"]
[BlackElo "2234"]
[PlyCount "28"]
[EventDate "2007.08.20"]
[EventType "swiss"]
[EventRounds "9"]
[EventCountry "POL"]
[SourceTitle "CBM 120 Extra"]
[Source "ChessBase"]
[SourceDate "2007.11.01"]
[SourceVersion "1"]
[SourceVersionDate "2007.11.01"]
[SourceQuality "1"]

1. e4 c5 2. Nf3 d6 3. d4 cxd4 4. Nxd4 Nf6 5. Nc3 g6 6. Be3 Bg7 7. f3 Nc6 8. Bc4 0-0 9. Qd2 Nd7 10. 0-0-0 Nb6 11. Bb3 Na5 12. Bh6 Nac4 13. Qg5 e5 14. Nde2 Bf6 0-1

[Event "Val Thorens op 33th"]
[Site "Val Thorens"]
[Date "2007.07.20"]
[Round "7"]
[White "Poignot, Quentin"]
[Black "Helstroffer, Arnaud"]
[Result "0-1"]
[WhiteElo "1976"]
[BlackElo "2234"]
[PlyCount "50"]
[EventDate "2007.07.14"]
[EventType "swiss"]
[EventRounds "9"]
[EventCountry "FRA"]
[SourceTitle "EXT 2010"]
[Source "ChessBase"]
[SourceDate "2010.11.25"]
[SourceVersion "1"]
[SourceVersionDate "2010.11.25"]
[SourceQuality "1"]

1. e4 c5 2. Nf3 d6 3. d4 cxd4 4. Nxd4 Nf6 5. Nc3 g6 6. Be3 Bg7 7. f3 0-0 8. Qd2 Nc6 9. Bc4 Nd7 10. 0-0-0 Nb6 11. Bb3 Na5 12. Qe2 Bd7 13. h4 Rc8 14. h5 Nbc4 15. hxg6 fxg6 16. Bh6 Bxh6+ 17. Rxh6 e5 18. Rdh1 exd4 19. Rxh7 Qg5+ 20. f4 Nxb3+ 21. axb3 Qxf4+ 22. Kb1 Nd2+ 23. Ka2 dxc3 24. Rxd7 Qg5 25. bxc3 Qa5+ 0-1

[Event "Val Thorens op 33th"]
[Site "Val Thorens"]
[Date "2007.07.16"]
[Round "3"]
[White "Gladyszev, Oleg"]
[Black "Helstroffer, Arnaud"]
[Result "1-0"]
[WhiteElo "2480"]
[BlackElo "2234"]
[PlyCount "143"]
[EventDate "2007.07.14"]
[EventType "swiss"]
[EventRounds "9"]
[EventCountry "FRA"]
[SourceTitle "EXT 2010"]
[Source "ChessBase"]
[SourceDate "2010.11.25"]
[SourceVersion "1"]
[SourceVersionDate "2010.11.25"]
[SourceQuality "1"]

1. d4 Nf6 2. c4 g6 3. Nc3 Bg7 4. e4 d6 5. Be2 0-0 6. Nf3 e5 7. 0-0 Nc6 8. d5 Ne7 9. Ne1 Nd7 10. Be3 f5 11. f3 f4 12. Bf2 g5 13. Rc1 Rf6 14. b4 Rh6 15. c5 Qe8 16. Nb5 Qh5 17. h4 Ng6 18. g4 fxg3 19. Bxg3 Nf4 20. Nxc7 Nf6 21. Kf2 Nh3+ 22. Ke3 gxh4 23. Bh2 Qg5+ 24. Kd3 Bd7 25. c6 Nxd5 26. Nxd5 bxc6 27. Nc3 Rb8 28. Rb1 Nf4+ 29. Kc2 Ne6 30. Rb2 Nd4+ 31. Kb1 Rg6 32. Nc2 Qd8 33. Rg1 Be8 34. Rxg6 Bxg6 35. Bg1 h3 36. Bh2 Kh8 37. Qg1 a5 38. a3 d5 39. Bd1 axb4 40. axb4 Qf8 41. Qg4 Nxc2 42. Kxc2 Rxb4 43. Rxb4 Qxb4 44. Qc8+ Qf8 45. Qxf8+ Bxf8 46. Kd3 Bg7 47. Ba4 d4 48. Nd1 Bh5 49. Bxc6 Bxf3 50. Nf2 Bf6 51. Nxh3 Bg2 52. Nf2 Bf1+ 53. Kc2 h5 54. Nd3 Kg7 55. Nxe5 Kh6 56. Bf4+ Kg7 57. Kd2 h4 58. Nf3 d3 59. Nh2 Be2 60. Bb5 Be7 61. Bxd3 Bh5 62. Be2 Be8 63. Bg4 Bc6 64. Kd3 Bc5 65. Be5+ Kg6 66. Bd4 Bb5+ 67. Ke3 Ba3 68. Kf4 Bc1+ 69. Be3 Bb2 70. Nf3 Bf6 71. Bf2 Bc6 72. Nxh4+ 1-0

[Event "Le Touquet op"]
[Site "Le Touquet"]
[Date "2006.10.30"]
[Round "3"]
[White "Pytel, Krzysztof"]
[Black "Helstroffer, Arnaud"]
[Result "1-0"]
[WhiteElo "2385"]
[BlackElo "2227"]
[PlyCount "56"]
[EventDate "2006.10.28"]
[EventType "swiss"]
[EventRounds "9"]
[EventCountry "FRA"]
[SourceTitle "EXT 2007"]
[Source "ChessBase"]
[SourceDate "2006.11.23"]
[SourceVersion "1"]
[SourceVersionDate "2006.11.23"]
[SourceQuality "1"]

1. d4 Nf6 2. Nf3 g6 3. c4 Bg7 4. Nc3 0-0 5. Bf4 d6 6. e3 Nfd7 7. Be2 e5 8. Bg3 Nc6 9. 0-0 Re8 10. dxe5 Ncxe5 11. Nd4 Nb6 12. b3 a6 13. Rc1 h5 14. h3 Bd7 15. Qd2 c5 16. Nc2 Bc6 17. Rfd1 Qg5 18. h4 Qf5 19. e4 Qf6 20. Ne3 Rad8 21. a4 Bh6 22. a5 Nc8 23. f4 Bxf4 24. Ned5 Bxd5 25. Nxd5 Bxd2 26. Nxf6+ Kg7 27. Nxe8+ Rxe8 28. Rxd2 Nc6 1-0

[Event "Le Touquet op"]
[Site "Le Touquet"]
[Date "2006.10.28"]
[Round "1"]
[White "Marzolo, Cyril"]
[Black "Helstroffer, Arnaud"]
[Result "1-0"]
[WhiteElo "2483"]
[BlackElo "2227"]
[PlyCount "83"]
[EventDate "2006.10.28"]
[EventType "swiss"]
[EventRounds "9"]
[EventCountry "FRA"]
[SourceTitle "EXT 2007"]
[Source "ChessBase"]
[SourceDate "2006.11.23"]
[SourceVersion "1"]
[SourceVersionDate "2006.11.23"]
[SourceQuality "1"]

1. d4 Nf6 2. c4 g6 3. Nc3 Bg7 4. e4 d6 5. Nf3 0-0 6. Be2 e5 7. Be3 exd4 8. Nxd4 Re8 9. f3 c6 10. Bf2 Nh5 11. Qd2 Be5 12. g3 a6 13. 0-0 b5 14. cxb5 axb5 15. a3 Bh3 16. Rfd1 Qf6 17. Rac1 Nf4 18. Bf1 Bxf1 19. Kxf1 Nh3 20. Kg2 Nxf2 21. Qxf2 Qe7 22. Rd2 Ra7 23. Nxc6 Nxc6 24. Nd5 Qd7 25. Rxc6 f5 26. exf5 Rb7 27. Rb6 Rxb6 28. Qxb6 gxf5 29. Re2 Bg7 30. Qf2 Rxe2 31. Qxe2 Kf7 32. b3 Bd4 33. Qd3 Bg7 34. Ne3 Kf6 35. a4 bxa4 36. bxa4 Bh6 37. Nd5+ Kf7 38. a5 Ke6 39. Qc4 Kf7 40. a6 Kg6 41. Qa2 Qa7 42. Ne7+ 1-0

[Event "Lausanne op"]
[Site "Lausanne"]
[Date "2006.09.17"]
[Round "5"]
[White "Genov, Petar"]
[Black "Helstroffer, Arnaud"]
[Result "1-0"]
[WhiteElo "2479"]
[BlackElo "2243"]
[PlyCount "61"]
[EventDate "2006.09.15"]
[EventType "swiss"]
[EventRounds "7"]
[EventCountry "SUI"]
[SourceTitle "CBM 114 Extra"]
[Source "ChessBase"]
[SourceDate "2006.11.03"]
[SourceVersion "1"]
[SourceVersionDate "2006.11.03"]
[SourceQuality "1"]

1. d4 Nf6 2. c4 g6 3. Nc3 Bg7 4. e4 d6 5. f3 0-0 6. Bg5 c5 7. d5 e6 8. Qd2 h6 9. Be3 exd5 10. cxd5 a6 11. a4 h5 12. Be2 Nh7 13. Bd1 Nd7 14. Nge2 Ne5 15. b3 Bd7 16. a5 f5 17. exf5 Qf6 18. 0-0 Bxf5 19. Bc2 Bxc2 20. Qxc2 g5 21. Rac1 Qe7 22. Bd2 Rf7 23. Ng3 h4 24. Nf5 Qd7 25. Nxg7 Rxg7 26. h3 Rf8 27. Ne4 Rgf7 28. Nxg5 Nxg5 29. Bxg5 Rxf3 30. gxf3 Rxf3 31. Bxh4 1-0

[Event "Bad Zwesten op 10th"]
[Site "Bad Zwesten"]
[Date "2006.01.03"]
[Round "2"]
[White "Foermes, Alexander"]
[Black "Helstroffer, Arnaud"]
[Result "0-1"]
[WhiteElo "2047"]
[BlackElo "2281"]
[PlyCount "76"]
[EventDate "2006.01.02"]
[EventType "swiss"]
[EventRounds "9"]
[EventCountry "GER"]
[SourceTitle "CBM 110 Extra"]
[Source "ChessBase"]
[SourceDate "2006.03.10"]
[SourceVersion "2"]
[SourceVersionDate "2006.03.10"]
[SourceQuality "1"]

1. e4 e6 2. d4 d5 3. Nd2 Nc6 4. Ngf3 Nf6 5. exd5 exd5 6. Bb5 Bd6 7. 0-0 0-0 8. c3 Bf5 9. Re1 h6 10. Nf1 Ne4 11. Ng3 Bh7 12. a3 Ne7 13. Bd3 f5 14. c4 c6 15. cxd5 cxd5 16. Qb3 Qd7 17. Nxe4 fxe4 18. Bxe4 Bxe4 19. Rxe4 Rxf3 20. Rxe7 Qxe7 21. gxf3 Qe1+ 22. Kg2 Bxh2 23. Qxd5+ Kh8 24. Kxh2 Qxf2+ 25. Kh3 Qf1+ 26. Kg3 Qg1+ 27. Kh3 Qh1+ 28. Kg3 Rf8 29. Qe4 Qg1+ 30. Kh3 Rf6 31. f4 Rg6 32. Qf3 h5 33. b4 h4 34. Qh5+ Rh6 35. Qe8+ Kh7 36. Qe4+ Rg6 37. Qxg6+ Kxg6 38. Bb2 Qg3# 0-1

[Event "FRA-chT2D 0506"]
[Site "France"]
[Date "2005.11.20"]
[Round "3.5"]
[White "Bouchot, Frederic"]
[Black "Helstroffer, Arnaud"]
[Result "0-1"]
[WhiteElo "2127"]
[BlackElo "2296"]
[PlyCount "84"]
[EventDate "2005.10.27"]
[EventType "team-tourn"]
[EventRounds "11"]
[EventCountry "FRA"]
[SourceTitle "EXT 2006"]
[Source "ChessBase"]
[SourceDate "2005.11.24"]
[SourceVersion "1"]
[SourceVersionDate "2005.11.24"]
[SourceQuality "1"]
[WhiteTeam "Gueugnon"]
[BlackTeam "Nancy"]
[WhiteTeamCountry "FRA"]
[BlackTeamCountry "FRA"]

1. c4 e6 2. Nf3 f5 3. g3 Nf6 4. Bg2 Be7 5. Nc3 0-0 6. 0-0 d6 7. d4 a5 8. Qc2 Nc6 9. e4 e5 10. dxe5 dxe5 11. Bg5 fxe4 12. Nxe4 Bg4 13. Be3 Nb4 14. Nxf6+ Bxf6 15. Qe4 Qc8 16. Nh4 Bxh4 17. gxh4 Nc6 18. f4 Bf5 19. Qd5+ Be6 20. Qc5 exf4 21. Rxf4 Rxf4 22. Bxf4 Qd7 23. Bd5 Rd8 24. Rd1 Qf7 25. Bg3 h6 26. a3 Kh8 27. Rf1 Bxd5 28. Rxf7 Bxf7 29. Bxc7 Rd1+ 30. Kf2 Rd2+ 31. Ke3 Rxb2 32. a4 Rb3+ 33. Kd2 Rb4 34. Qf8+ Bg8 35. c5 Rxa4 36. h5 Rb4 37. Qc8 a4 38. Qa8 Kh7 39. Bb6 Bd5 40. Qxb7 a3 41. Qa6 a2 42. Qd3+ Kh8 0-1

[Event "La Fere op 4th"]
[Site "La Fere"]
[Date "2005.07.07"]
[Round "8"]
[White "Sobry, Sebastien"]
[Black "Helstroffer, Arnaud"]
[Result "1/2-1/2"]
[WhiteElo "2107"]
[BlackElo "2264"]
[PlyCount "111"]
[EventDate "2005.07.02"]
[EventType "swiss"]
[EventRounds "9"]
[EventCountry "FRA"]
[SourceTitle "CBM 107 Extra"]
[Source "ChessBase"]
[SourceDate "2005.09.01"]
[SourceVersion "1"]
[SourceVersionDate "2005.09.01"]
[SourceQuality "1"]

1. e4 e6 2. d4 d5 3. e5 c5 4. c3 Nc6 5. Nf3 Bd7 6. Be2 Nge7 7. Nbd2 Ng6 8. 0-0 cxd4 9. cxd4 f6 10. exf6 Qxf6 11. Nb3 Bd6 12. Bg5 Qf7 13. Rc1 0-0 14. Nc5 Be8 15. Qb3 Bf4 16. Bxf4 Nxf4 17. Qe3 Qg6 18. g3 Nxe2+ 19. Qxe2 Qg4 20. Kg2 Bh5 21. Rc3 Nxd4 22. Nxd4 Qxe2 23. Nxe2 Bxe2 24. Re1 d4 25. Rb3 Bc4 26. Rb4 b5 27. Na6 Rac8 28. a4 bxa4 29. Rxa4 Bxa6 30. Rxa6 Rc2 31. Rexe6 Rfxf2+ 32. Kh3 Rxh2+ 33. Kg4 Rc7 34. Re8+ Kf7 35. Rd8 Rxb2 36. Rxd4 Rb6 37. Ra1 a6 38. Rda4 Rg6+ 39. Kh3 Rc3 40. Rf1+ Ke7 41. Re4+ Kd7 42. Rf7+ Kd6 43. Rd4+ Ke6 44. Rfd7 Rcxg3+ 45. Kh2 R3g4 46. R4d6+ Ke5 47. Rd5+ Ke4 48. Rd4+ Ke3 49. Rd3+ Kf4 50. R7d4+ Kg5 51. Rd5+ Kf6 52. Rd6+ Ke7 53. Rd7+ Ke6 54. R7d6+ Ke5 55. R6d5+ Ke4 56. R5d4+ 1/2-1/2

[Event "La Fere op 4th"]
[Site "La Fere"]
[Date "2005.07.05"]
[Round "5"]
[White "Helstroffer, Arnaud"]
[Black "Meijers, Viesturs"]
[Result "0-1"]
[WhiteElo "2264"]
[BlackElo "2479"]
[PlyCount "68"]
[EventDate "2005.07.02"]
[EventType "swiss"]
[EventRounds "9"]
[EventCountry "FRA"]
[SourceTitle "CBM 107 Extra"]
[Source "ChessBase"]
[SourceDate "2005.09.01"]
[SourceVersion "1"]
[SourceVersionDate "2005.09.01"]
[SourceQuality "1"]

1. e4 c5 2. Nf3 e6 3. d4 cxd4 4. Nxd4 a6 5. Bd3 Nc6 6. Nxc6 dxc6 7. 0-0 e5 8. f4 Nf6 9. f5 h5 10. Qe1 Ng4 11. Nc3 b5 12. a4 Bb7 13. h3 Qb6+ 14. Kh1 Bb4 15. axb5 Bxc3 16. Qxc3 cxb5 17. Be2 Rc8 18. Qg3 Rxc2 19. Bxg4 hxg4 20. Qxe5+ Kf8 21. f6 gxf6 22. Rxf6 Qc7 23. Bh6+ Rxh6 24. Qxc7 Rxh3+ 25. Qh2 Bxe4 26. Rg1 Rxb2 27. Rxa6 Kg7 28. Rd6 f5 29. Re6 Kf7 30. Rxe4 Rxh2+ 31. Kxh2 fxe4 32. Re1 Rb4 33. Kg3 Ke6 34. Kf4 Kd5 0-1

[Event "La Fere op 4th"]
[Site "La Fere"]
[Date "2005.07.03"]
[Round "2"]
[White "Gozzoli, Yannick"]
[Black "Helstroffer, Arnaud"]
[Result "1-0"]
[WhiteElo "2444"]
[BlackElo "2264"]
[PlyCount "79"]
[EventDate "2005.07.02"]
[EventType "swiss"]
[EventRounds "9"]
[EventCountry "FRA"]
[SourceTitle "CBM 107 Extra"]
[Source "ChessBase"]
[SourceDate "2005.09.01"]
[SourceVersion "1"]
[SourceVersionDate "2005.09.01"]
[SourceQuality "1"]

1. e4 e6 2. d4 d5 3. e5 c5 4. Nf3 Nc6 5. Bd3 f6 6. 0-0 cxd4 7. Bf4 g5 8. Bg3 f5 9. h3 Nh6 10. Nbd2 Nf7 11. Nb3 Bg7 12. Nbxd4 f4 13. Bh2 Nxd4 14. Nxd4 Bxe5 15. Re1 Qf6 16. c3 Bd7 17. Qh5 Bxd4 18. cxd4 Qxd4 19. Rad1 Qf6 20. h4 0-0-0 21. Bb1 Kb8 22. Kh1 Bc6 23. Qg4 e5 24. hxg5 h5 25. Qh4 Qg7 26. g6 d4 27. Qe7 Rd7 28. Qe6 Rc7 29. f3 Re8 30. Qf5 Nd6 31. Qg5 Nc4 32. Rxd4 Ne3 33. Rd8+ Rc8 34. Rxc8+ Kxc8 35. Bg1 Nd5 36. Be4 Kb8 37. Bxd5 Bxd5 38. Bd4 Ka8 39. Rxe5 Rxe5 40. Qd8# 1-0

[Event "Vandoeuvre op"]
[Site "Vandoeuvre"]
[Date "2004.??.??"]
[Round "1"]
[White "Helstroffer, Arnaud"]
[Black "Denisart, Anthony"]
[Result "1-0"]
[WhiteElo "2259"]
[BlackElo "2065"]
[PlyCount "85"]
[EventDate "2004.12.26"]
[EventType "swiss"]
[EventRounds "9"]
[EventCountry "FRA"]
[SourceTitle "CBM 104 Extra"]
[Source "ChessBase"]
[SourceDate "2005.03.01"]
[SourceVersion "1"]
[SourceVersionDate "2005.03.01"]
[SourceQuality "1"]

1. e4 c5 2. Nf3 d6 3. d4 cxd4 4. Qxd4 a6 5. c4 Nc6 6. Qd2 g6 7. b3 Bg7 8. Bb2 Nf6 9. Nc3 Qa5 10. Nd5 Qxd2+ 11. Nxd2 0-0 12. Nxf6+ Bxf6 13. Bxf6 exf6 14. 0-0-0 f5 15. Bd3 Ne5 16. Be2 Be6 17. f4 Ng4 18. Bxg4 fxg4 19. Nb1 b5 20. cxb5 axb5 21. Kb2 Ra6 22. Rd4 f5 23. Nc3 fxe4 24. Rxe4 Bd7 25. Rd4 Rb8 26. Rhd1 b4 27. Ne2 Rba8 28. Nc1 Bc6 29. g3 Bf3 30. R1d2 d5 31. Rxb4 Rc8 32. Ne2 Rac6 33. Nd4 Rc3 34. Rb8 Rxb8 35. Kxc3 Be4 36. a4 h5 37. b4 Rc8+ 38. Kb3 Rc1 39. b5 Rb1+ 40. Ka3 Kf7 41. a5 Ke7 42. a6 Kd6 43. a7 1-0

[Event "Vandoeuvre op"]
[Site "Vandoeuvre"]
[Date "2004.??.??"]
[Round "9"]
[White "Helstroffer, Arnaud"]
[Black "Philippe, Christophe"]
[Result "0-1"]
[WhiteElo "2259"]
[BlackElo "2371"]
[PlyCount "64"]
[EventDate "2004.12.26"]
[EventType "swiss"]
[EventRounds "9"]
[EventCountry "FRA"]
[SourceTitle "CBM 104 Extra"]
[Source "ChessBase"]
[SourceDate "2005.03.01"]
[SourceVersion "1"]
[SourceVersionDate "2005.03.01"]
[SourceQuality "1"]

1. e4 c5 2. Nf3 b6 3. d4 cxd4 4. Nxd4 Bb7 5. Bd3 g6 6. 0-0 Bg7 7. c3 a6 8. Qe2 d6 9. Be3 Nf6 10. Nd2 0-0 11. N4b3 Nbd7 12. h3 Qc7 13. Rac1 d5 14. Bg5 e5 15. c4 dxe4 16. Nxe4 Qc6 17. f3 Nh5 18. c5 Nf4 19. Bxf4 exf4 20. Nd6 Nxc5 21. Nxb7 Qxb7 22. Nxc5 bxc5 23. b3 Ra7 24. Kh1 Bd4 25. Bc4 a5 26. a4 Qe7 27. Qc2 Rd8 28. Rcd1 Rad7 29. Qd2 Be3 30. Qc2 Rd2 31. Rxd2 Rxd2 32. Qe4 Qg5 0-1

[Event "Vandoeuvre op"]
[Site "Vandoeuvre"]
[Date "2004.??.??"]
[Round "2"]
[White "Kasparov, Sergey"]
[Black "Helstroffer, Arnaud"]
[Result "1-0"]
[WhiteElo "2468"]
[BlackElo "2259"]
[PlyCount "97"]
[EventDate "2004.12.26"]
[EventType "swiss"]
[EventRounds "9"]
[EventCountry "FRA"]
[SourceTitle "CBM 104 Extra"]
[Source "ChessBase"]
[SourceDate "2005.03.01"]
[SourceVersion "1"]
[SourceVersionDate "2005.03.01"]
[SourceQuality "1"]

1. e4 e6 2. d4 d5 3. Nd2 Nf6 4. e5 Nfd7 5. Bd3 c5 6. c3 Nc6 7. Ne2 cxd4 8. cxd4 f6 9. exf6 Nxf6 10. 0-0 Bd6 11. Nf3 0-0 12. Bf4 Qc7 13. Bxd6 Qxd6 14. Qd2 Ng4 15. h3 e5 16. Bxh7+ Kxh7 17. hxg4 e4 18. Ng5+ Kg8 19. f3 Qe7 20. Nh3 Bd7 21. Qg5 Rae8 22. Qxe7 Rxe7 23. Nef4 Ref7 24. Nxd5 Nxd4 25. Ng5 exf3 26. Nxf7 Rxf7 27. gxf3 Nxf3+ 28. Kg2 Bxg4 29. Kg3 g5 30. Rf2 Be6 31. Rxf3 Bxd5 32. Rxf7 Kxf7 33. a3 Ke7 34. Kg4 Kd6 35. Kxg5 Kc7 36. Kf4 Bc6 37. Ke5 a6 38. Rc1 Kb6 39. Kd6 Bf3 40. Rc3 Bg2 41. Rb3+ Ka7 42. Kc7 Bd5 43. Rb6 Be4 44. b4 Bf3 45. a4 Be4 46. b5 axb5 47. axb5 Bd5 48. Rd6 Be4 49. Rd4 1-0